000
00370nam a2200193Ia 4500
008
151119s9999||||xx |||||||||||||| ||und||
082
_a
28.5
082
_b
GKKV3632
100
_a
--
245
_a
उमज
260
_a
--
260
_b
--
260
_c
0
600
_a
--
630
_a
उमज
700
_a
--
730
_a
उमज
942
_c
BOOK
999
_c
1059189
_d
1059186